000 00582nam a2200229Ia 4500
003 OSt
005 20221005131236.0
006 a|||||r|||| 00| 0
007 ta
008 221004b |||||||| |||| 00| 0 kan d
024 _a51131
037 _cTextual
040 _aCRL
_cCRL
_bkan
041 _2kan
_akan
082 _aO33,3x, 31K8
100 _aS.K. Sita Devi Tr.
_9639311
245 0 _aShort stories of Kannada
260 _c1968
650 _aKANNAD LITERATURE
942 _hO33,3x, 31K8
_cTEXL
_2cc
999 _c1059736
_d1059736